000 00529nmm a2200157Ia 4500
008 251105s9999||||xx |||||||||||||||||und||
041 _aspa
100 _aNava Rodríguez, Teresa (Ed.)
245 0 _aDe ilustrados a patriotas: Individuo y cambio histórico en la Monarquía Española
264 _a[Madrid, España] :
_bSílex Ediciones,
_c2017
300 _a498 páginas
490 _aSerie Historia Moderna
650 _aHistory of Europe: Spain
856 _uhttps://public.digitaliapublishing.com/a/62990
942 _cCF
999 _c100630
_d100630